Normal view
MARC view
Entry Personal Name
001 - CONTROL NUMBER
- control field: 29120
003 - CONTROL NUMBER IDENTIFIER
- control field: ARRUPE
005 - DATE AND TIME OF LATEST TRANSACTION
- control field: 20170228095419.0
008 - FIXED-LENGTH DATA ELEMENTS
- fixed length control field: 170228|| aca||aabn | a|a d
040 ## - CATALOGING SOURCE
- Original cataloging agency: ARRUPE
- Transcribing agency: ARRUPE
100 ## - HEADING--PERSONAL NAME
- Personal name: Strothmann, Friedrich Wilhelm,
- Dates associated with a name: 1904-1982,
- Relator term: ed.
670 ## - SOURCE DATA FOUND
- Source citation: Work cat.: (ARRUPE)0: Augustine, Saint, Bishop of Hippo. 29117, On the two cities;, [1957]